The revised penal code annotated (Record no. 14788)
[ view plain ]
| 000 -LEADER | |
|---|---|
| fixed length control field | 00653nam a22002177a 4500 |
| 003 - CONTROL NUMBER IDENTIFIER | |
| control field | URS |
| 005 - DATE AND TIME OF LATEST TRANSACTION | |
| control field | 20230719151232.0 |
| 008 - FIXED-LENGTH DATA ELEMENTS--GENERAL INFORMATION | |
| fixed length control field | 171220b xxu||||| |||| 00| 0 eng d |
| 040 ## - CATALOGING SOURCE | |
| Transcribing agency | urs |
| 050 ## - LIBRARY OF CONGRESS CALL NUMBER | |
| Classification number | KF 5616.4 N65 1999 |
| 100 ## - MAIN ENTRY--PERSONAL NAME | |
| 9 (RLIN) | 2936 |
| Personal name | Nolledo, Jose N. |
| Relator term | author |
| 245 ## - TITLE STATEMENT | |
| Title | The revised penal code annotated |
| Statement of responsibility, etc. | Jose N. Nolledo |
| 250 ## - EDITION STATEMENT | |
| Edition statement | Thirteenth revised edition |
| 260 ## - PUBLICATION, DISTRIBUTION, ETC. | |
| Place of publication, distribution, etc. | Mandaluyong City |
| Name of publisher, distributor, etc. | National Book Store |
| Date of publication, distribution, etc. | 1999 |
| 336 ## - CONTENT TYPE | |
| Source | rdacontent |
| Content type term | text |
| Content type code | txt |
| 337 ## - MEDIA TYPE | |
| Source | rdamedia |
| Media type term | unmediated |
| Media type code | n |
| 338 ## - CARRIER TYPE | |
| Source | rdacarrier |
| Carrier type term | volume |
| Carrier type code | nc |
| 650 #0 - SUBJECT ADDED ENTRY--TOPICAL TERM | |
| 9 (RLIN) | 4579 |
| Topical term or geographic name entry element | Criminal law |
| Geographic subdivision | Philippines |
| 700 ## - ADDED ENTRY--PERSONAL NAME | |
| Relator code | author |
| Personal name | Nolledo, Jose N. |
| 942 ## - ADDED ENTRY ELEMENTS (KOHA) | |
| Source of classification or shelving scheme | Library of Congress Classification |
| Koha item type | Filipiniana |
| Withdrawn status | Source of classification or shelving scheme | Damaged status | Not for loan | Collection code | Home library | Current library | Shelving location | Date acquired | Total Checkouts | Full call number | Barcode | Date last seen | Price effective from | Koha item type |
|---|---|---|---|---|---|---|---|---|---|---|---|---|---|---|
| Library of Congress Classification | Non-fiction | Binangonan College Library | Binangonan College Library | Filipiniana Section | 06/07/2023 | KF 5616.4 N65 1999 | URSBIN-2015 | 12/20/2017 | 12/20/2017 | Filipiniana | ||||
| Library of Congress Classification | Non-fiction | Binangonan College Library | Binangonan College Library | Filipiniana Section | 06/07/2023 | KF 5616.4 N65 1999 | URSBIN-2013 | 12/20/2017 | 12/20/2017 | Filipiniana | ||||
| Library of Congress Classification | Non-fiction | Binangonan College Library | Binangonan College Library | Filipiniana Section | 06/07/2023 | URSBIN-2014 | 12/20/2017 | 12/20/2017 | Filipiniana | |||||
| Library of Congress Classification | Non-fiction | Binangonan College Library | Binangonan College Library | Filipiniana Section | 06/07/2023 | KF 5616.4 N65 1999 | URSBIN-2012 | 12/20/2017 | 12/20/2017 | Filipiniana | ||||
| Library of Congress Classification | Non-fiction | Binangonan College Library | Binangonan College Library | Filipiniana Section | 06/07/2023 | URSBIN-2410 | 12/20/2017 | 12/20/2017 | Filipiniana | |||||
| Library of Congress Classification | Non-fiction | Binangonan College Library | Binangonan College Library | Filipiniana Section | 06/07/2023 | URSBIN-2406 | 12/20/2017 | 12/20/2017 | Filipiniana | |||||
| Library of Congress Classification | Non-fiction | Binangonan College Library | Binangonan College Library | Filipiniana Section | 06/07/2023 | URSBIN-2411 | 12/20/2017 | 12/20/2017 | Filipiniana | |||||
| Library of Congress Classification | Non-fiction | Binangonan College Library | Binangonan College Library | Filipiniana Section | 06/07/2023 | KF 5616.4 N65 1999 | URSBIN-2408 | 12/20/2017 | 12/20/2017 | Filipiniana | ||||
| Library of Congress Classification | Non-fiction | Binangonan College Library | Binangonan College Library | Filipiniana Section | 06/07/2023 | URSBIN-2407 | 12/20/2017 | 12/20/2017 | Filipiniana | |||||
| Library of Congress Classification | Binangonan College Library | Binangonan College Library | Filipiniana Section | 07/19/2023 | KF 5616.4 N65 1999 | URSBIN-2409 | 07/20/2023 | 07/20/2023 | Filipiniana |